Detalles MARC
| 000 -CABECERA |
| Longitud fija campo de control |
01337nam a2200409 c 4500 |
| 001 - NÚMERO DE CONTROL |
| Número de control |
23337 |
| 003 - IDENTIFICADOR DE NÚMERO DE CONTROL |
| Identificador del número de control |
ES-MaCES |
| 005 - FECHA Y HORA DE LA ÚLTIMA TRANSACCIÓN |
| Fecha y hora de la última transacción |
20141221122834.0 |
| 008 - CAMPO FIJO DE DESCRIPCIÓN FIJA--INFORMACIÓN GENERAL |
| Códigos de información de longitud fija |
101001s2010 sp t 000 | spa d |
| 017 ## - NÚMERO DE REGISTRO DE DERECHOS DE AUTOR Y DEPÓSITO LEGAL |
| Número de copyright o de depósito legal |
V 1648-2010 |
| Agencia que asigna el número |
DL |
| 020 ## - ISBN (INTERNATIONAL STANDARD BOOK NUMBER) |
| Número Internacional Normalizado para Libros (ISBN) |
9788498768190 |
| 035 ## - NÚMERO DE CONTROL DEL SISTEMA |
| Número de control del sistema |
CES20100008110m |
| 040 ## - FUENTE DE CATALOGACIÓN |
| Centro catalogador de origen |
ES-MaCES |
| Lengua de catalogación |
spa |
| Centro transcriptor |
ES-MaCES |
| 100 1# - ENCABEZAMIENTO PRINCIPAL--NOMBRE PERSONAL |
| Nombre de persona |
Altés Tarrega, Juan Antonio |
| 9 (RLIN) |
6070 |
| 245 13 - MENCIÓN DE TÍTULO |
| Título |
El despido objetivo |
| Mención de responsabilidad, etc. |
Juan Antonio Altés Tárrega, Ángel Blasco Pellicer, Luis Enrique Nores Torres |
| 260 ## - PUBLICACIÓN, DISTRIBUCIÓN, ETC (PIE DE IMPRENTA) |
| Lugar de publicación, distribución, etc. |
Valencia |
| Nombre del editor, distribuidor, etc. |
Tirant lo Blanch |
| Fecha de publicación, distribución, etc. |
2010 |
| 300 ## - DESCRIPCIÓN FÍSICA |
| Extensión |
308 p. |
| Dimensiones |
22 cm |
| 490 1# - MENCIÓN DE SERIE |
| Mención de serie |
Enfoque laboral |
| Designación de volumen o secuencia |
2 |
| 504 ## - NOTA DE BIBLIOGRAFÍA, ETC. |
| Nota de bibliografía, etc. |
Bibliografía: p. 297-308 |
| 541 ## - NOTA DE LA FUENTE INMEDIANTE DE ADQUISICIÓN |
| Forma de adquisición |
Compra |
| 650 #4 - ASIENTO SECUNDARIO DE MATERIA--TÉRMINO DE MATERIA |
| Término de materia o nombre geográfico como elemento inicial |
despido |
| 9 (RLIN) |
28352 |
| 650 #4 - ASIENTO SECUNDARIO DE MATERIA--TÉRMINO DE MATERIA |
| Término de materia o nombre geográfico como elemento inicial |
despido por causas objetivas |
| 9 (RLIN) |
31585 |
| 650 #4 - ASIENTO SECUNDARIO DE MATERIA--TÉRMINO DE MATERIA |
| Término de materia o nombre geográfico como elemento inicial |
procedimiento laboral |
| 9 (RLIN) |
30887 |
| 650 #4 - ASIENTO SECUNDARIO DE MATERIA--TÉRMINO DE MATERIA |
| Término de materia o nombre geográfico como elemento inicial |
impugnación |
| 9 (RLIN) |
31120 |
| 650 #4 - ASIENTO SECUNDARIO DE MATERIA--TÉRMINO DE MATERIA |
| Término de materia o nombre geográfico como elemento inicial |
sentencia judicial |
| 9 (RLIN) |
29888 |
| 650 #4 - ASIENTO SECUNDARIO DE MATERIA--TÉRMINO DE MATERIA |
| Término de materia o nombre geográfico como elemento inicial |
derecho jurisprudencial |
| 9 (RLIN) |
29863 |
| 650 #4 - ASIENTO SECUNDARIO DE MATERIA--TÉRMINO DE MATERIA |
| Término de materia o nombre geográfico como elemento inicial |
derecho del trabajo |
| 9 (RLIN) |
27165 |
| 650 #4 - ASIENTO SECUNDARIO DE MATERIA--TÉRMINO DE MATERIA |
| Término de materia o nombre geográfico como elemento inicial |
España |
| 9 (RLIN) |
26964 |
| 650 #4 - ASIENTO SECUNDARIO DE MATERIA--TÉRMINO DE MATERIA |
| Término de materia o nombre geográfico como elemento inicial |
régimen jurídico |
| 9 (RLIN) |
29894 |
| 653 10 - TÉRMINO DE INDEXACIÓN--NO CONTROLADO |
| Término no controlado |
Derecho del trabajo y Seguridad Social |
| 700 1# - ENCABEZAMIENTO SECUNDARIO--NOMBRE PERSONAL |
| Nombre de persona |
Nores Torres, Luis Enrique |
| 9 (RLIN) |
19725 |
| 700 1# - ENCABEZAMIENTO SECUNDARIO--NOMBRE PERSONAL |
| 9 (RLIN) |
7896 |
| Nombre de persona |
Blasco Pellicer, Ángel |
| 830 #0 - ENCABEZAMIENTO SECUNDARIO DE COLECCIÓN--TÍTULO UNIFORME |
| Título uniforme |
Enfoque laboral |
| Designación de volumen o secuencia |
2 |
| 9 (RLIN) |
34124 |
| 902 ## - CES. TIPO DE DOCUMENTO |
| Tipodoc (006$c Sirtex) |
LIB Libro |
| 942 ## - ELEMENTOS KOHA |
| Fuente de clasificaión o esquema |
Clasificación propia del CES |
| Koha [por defecto] tipo de item |
Monografías |
| Parte de clasificación |
6.0.1. |